Hệ thống câu hỏi, bài tập môn kinh tế công cộng
Nội dung sách gồm các câu hỏi và bài tập về tổng quan kinh tế công cộng, kinh tế học phúc lợi, hàng hóa công cộng, chỉ tiêu công cộng và phân tích chính sách chỉ tiêu công cộng, thuế và tác động của thuế. Chương phụ lục gồm một số kie...
Gardado en:
| Autor Principal: | |
|---|---|
| Formato: | Libro |
| Idioma: | Undetermined |
| Publicado: |
Hà Nội
Tài chính
2001
|
| Những chủ đề: | |
| Các nhãn: |
Engadir etiqueta
Sen Etiquetas, Sexa o primeiro en etiquetar este rexistro!
|
| Thư viện lưu trữ: | Trung tâm Học liệu Trường Đại học Cần Thơ |
|---|
| LEADER | 01019nam a2200205Ia 4500 | ||
|---|---|---|---|
| 001 | CTU_110727 | ||
| 008 | 210402s9999 xx 000 0 und d | ||
| 020 | |c 7200 | ||
| 082 | |a 339.076 | ||
| 082 | |b Ng528 | ||
| 100 | |a Hoàng, Thuý Nguyệt | ||
| 245 | 0 | |a Hệ thống câu hỏi, bài tập môn kinh tế công cộng | |
| 245 | 0 | |c Hoàng Thuý Nguyệt (Chủ biên) | |
| 260 | |a Hà Nội | ||
| 260 | |b Tài chính | ||
| 260 | |c 2001 | ||
| 520 | |a Nội dung sách gồm các câu hỏi và bài tập về tổng quan kinh tế công cộng, kinh tế học phúc lợi, hàng hóa công cộng, chỉ tiêu công cộng và phân tích chính sách chỉ tiêu công cộng, thuế và tác động của thuế. Chương phụ lục gồm một số kiến thức cơ bản về kinh tế vi mô | ||
| 650 | |a Macroeconomics | ||
| 904 | |i Tuyến | ||
| 980 | |a Trung tâm Học liệu Trường Đại học Cần Thơ | ||